L'ultra-violet / (Record no. 95285)

MARC details
000 -LEADER
campo de control de longitud fija 00657nam a2200205 i 4500
001 - NÚMERO DE CONTROL
campo de control 95285
003 - IDENTIFICADOR DE NÚMERO DE CONTROL
campo de control ES-MaACL
007 - CAMPO FIJO DE DESCRIPCIÓN FÍSICA--INFORMACIÓN GENERAL
campo de control de longitud fija t|
008 - DATOS DE LONGITUD FIJA--INFORMACIÓN GENERAL
campo de control de longitud fija 050525s1924 fr ||||1| fre d
100 1# - ENTRADA PRINCIPAL--NOMBRE DE PERSONA
Nombre de persona Lyman, Theodore.
9 (RLIN) 74931
245 12 - MENCIÓN DEL TÍTULO
Título L'ultra-violet /
Mención de responsabilidad, etc. par Theodore Lyman; traduit par Mme. Mg. T. Riviere;...preface de M. Ch. Fabry.
260 ## - PUBLICACIÓN, DISTRIBUCIÓN, ETC.
Lugar de publicación, distribución, etc. Paris :
Nombre del editor, distribuidor, etc. Félix Alcan,
Fecha de publicación, distribución, etc. 1924.
300 ## - DESCRIPCIÓN FÍSICA
Extensión XXXI, 228 p. ;
Dimensiones 19 cm.
490 1# - MENCIÓN DE SERIE
Mención de serie Nouvelle collection scientifique
700 1# - ENTRADA AGREGADA--NOMBRE PERSONAL
Nombre de persona Rivière, Marguerite.
9 (RLIN) 97741
700 1# - ENTRADA AGREGADA--NOMBRE PERSONAL
Nombre de persona Fabry, M. Ch.
9 (RLIN) 48583
830 0# - PUNTO DE ACCESO ADICIONAL DE SERIE-TÍTULO UNIFORME
Título uniforme Nouvelle collection scientifique
9 (RLIN) 183891
852 ## - LOCALIZACIÓN
Ubicación ES-MaACL
Número de control de estantería B-6795
Holdings
Estatus retirado Estado de pérdida Estado de daño No para préstamo Biblioteca de origen Biblioteca actual Ubicación en estantería Fecha de adquisición Fuente de adquisición Total de préstamos Signatura topográfica completa Código de barras Visto por última vez Precio de reemplazo Tipo de ítem Koha
        Biblioteca del Ateneo de Madrid Biblioteca del Ateneo de Madrid Sala Pardo Bazán 17/01/2008     B-6795 1099497 23/02/2023 23/02/2023 Libro impreso